| 000 | 00700nam a2200217Ia 4500 | ||
|---|---|---|---|
| 005 | 20241113145814.0 | ||
| 008 | 210716s1987 xx 000 0 und d | ||
| 020 | _a74518666 | ||
| 040 | _cAIMIT LIBRARY | ||
| 041 | _aeng | ||
| 082 |
_a005.135 _21 _bROYM |
||
| 100 |
_aRoy, M K. _9185203 |
||
| 245 |
_aCobol programming / _cBy M K Roy and D Ghosh Dastidar. |
||
| 250 | _a1st ed. | ||
| 260 |
_aNew Delhi : _bTata McGraw Hill Publishing Company Ltd ; _c1987. |
||
| 300 |
_axvii,421p. ; _bPB _c23 cm. |
||
| 650 |
_aConditional and sequence control verbs _9185204 |
||
| 650 |
_aSorting and merging of files _9185205 |
||
| 700 |
_aDastidar, D Ghosh. _9185206 |
||
| 942 |
_2ddc _cBK _e1st ed. _k005.135 ROYM |
||
| 999 |
_c180762 _d180762 |
||